1118 1642 1777 1438 1265 1297 1406 1828 1793 1019 1722 1362 1043 1266 1936 1294 1221 1003 1182 1339 1562 1404 1030 1483 1543 1946 1603 1795 1038 1339 1089 1027 1569 1309 1473 1198 1284 1003 1836 1138 1990 1643 1392 1239 1498 1404 1212 1899 1464 1532 1857 1973 1334 1456 1463 1548 1678 1045 1628 1500 1863 1714 1337 1856 1820 1738 1118 1818 1686 1621 1868 1602 1360 1616 1931 1114 1020 1868 1440 1158 1110 1937 1606 1680 1026 1441 1471 1440 1689 1820 1172 1413 1762 1551 1004 1462 1605 1343 1151 BCNSPRNW ULIB Ver.6.0+V

เปลี่ยนเป็นภาษาไทย

Change to English
 แสดงรายละเอียดบรรณานุกรม
  กลับหน้าหลัก

Brief Record : Get Marc (ISO 2709) : E-mail record : QR code < ปิดหน้าต่าง
LEADER : 00000nam 2200000uu 4500
001    13399113031
003     ULIB
008    110922s2553||||th 000 0 tha d
020    9741105347
060 04 WY100^bท377 2553
245 00 ทักษะพื้นฐานทางการพยาบาล =^bBasic skills in nursing /^cบรรณาธิการ, สิริรัตน์ ฉัตรชัยสุชา, ปรางค์ทิพย์ อุจะรัตน,ณัฐสุรางค์ บุญจันทร์
246 31 Basic skills in nursing
250    พิมพ์ครั้งที่ 3 ปรับปรุงใหม่
260    กรุงเทพฯ :^bภาควิชาการพยาบาลรากฐาน คณะพยาบาลศาสตร์มหาวิทยาลัยมหิดล, ^c2553
300    xiii, 345 หน้า :^bภาพประกอบ ;^c26 ซม.
504    บรรณานุกรมและดรรชนี
650  7 การพยาบาล
700 0  สิริรัตน์ ฉัตรชัยสุชา;^eบรรณาธิการ
700 0  ปรางค์ทิพย์ อุจะรัตน;^eบรรณาธิการ
700 0  ณัฐสุรางค์ บุญจันทร์;^eบรรณาธิการ
710 2  มหาวิทยาลัยมหิดล. ^bคณะพยาบาลศาสตร์.^bภาควิชาการพยาบาลรากฐาน
945    ^p300^l0^i18616
995     กัณชพร
999     ^aใช้งานได้ทุกระบบ
รายการนี้ยังไม่มีแท็ก
คุณยังไม่ได้ล็อกอิน คุณสามารถมีกิจกรรมร่วมกับเว็บไซต์ได้ แต่ต้องล็อกอินก่อน ::
  ล็อกอิน

รายการสื่อสารสนเทศ

ลำดับที่ ประเภท เลขเรียก/บาร์โค้ด สถานที่ สถานะ
- ไม่พบข้อมูล -

รายการใกล้เคียง
    หัวเรื่อง [การพยาบาล]

BibComment


ยังไม่เคยถูกคอมเมนท์

คอมเมนท์ทรัพยากรรายการนี้
  คอมเมนท์: ทักษะพื้นฐานทางกา..


 Copyright 2026. Bcnsprnw @Library